000 00726nam a22002051i 4500
001 000030706
003 RuMoIPM
005 20260602105033.0
008 110915s1937----ur | c rus
040 _aRuMoIPM
_brus
_ercr
041 0 _arus
080 _a511.2
100 1 _aВенков, Борис Алексеевич
245 1 _aЭлементарная теория чисел
_cБ. А. Венков
260 _aМосква
_aЛенинград
_bОНТИ НКТП СССР
_c1937
300 _aПереплет, 219 с., 1 с. объявл.
490 0 _aМатематика в монографиях
_vКн. 4
504 _aБиблиогр.: "Библиогр. указатель" (с. 215-18)
942 _cBK
999 _c30706
_d30706